| 000 | 00527nam a2200193Ia 4500 | ||
|---|---|---|---|
| 003 | GCL | ||
| 008 | 140319s9999 xx 000 0 eng d | ||
| 040 |
_aGCL / _cGCL |
||
| 082 | 0 | 4 |
_a746.39 _bV T |
| 100 | 1 | _aVOLKER, ANGELA | |
| 245 | 1 | 0 |
_aTEXTILES OF THE WIENER WERKSTATTE 1910 - 1932 / _cVOLKER, ANGELA |
| 700 | 1 | _aWIENER WERKSTATTE DESIGNS | |
| 260 |
_a[S.N] : _bTHAMES AND HUDSON ، _c1994 |
||
| 300 | _a256 P | ||
| 650 | 0 | 4 | _aVIENNA |
| 650 | 0 | 4 | _aTEXTILE ART |
| 650 | 0 | 4 | _aWIENER WERKSTATTE DESIGNS |
| 942 |
_2ddc _cBK |
||
| 999 |
_c10350 _d10350 |
||